Quality of Service problems in GSM Network = Kvalita služieb v GSM sieťach

Saved in:
Bibliographic Details
Main Author: Khalil, Saeed Muhammed (Author)
Other Authors: Čaputa, Štefan (Thesis advisor)
Format: Manuscript Book
Language:English
Published: Bratislava : STU v Bratislave FEI, 2005
Subjects:
Tags: Add Tag
No Tags, Be the first to tag this record!

MARC

LEADER 00000ntm a22000003a 4500
001 stu108349
005 20160719165010.8
008 060213s2005----xo------------------eng-d
040 |a STU  |b slo 
041 0 |a eng 
044 |a xo 
100 1 |a Khalil, Saeed Muhammed  |4 aut 
245 1 |a Quality of Service problems in GSM Network = Kvalita služieb v GSM sieťach 
260 |a Bratislava :  |b STU v Bratislave FEI,  |c 2005 
300 |a 40 s 
650 7 |a Telekomunikácie  |2 stusub 
700 1 |a Čaputa, Štefan  |4 ths